| 000 | 00398nam a2200145Ia 4500 | ||
|---|---|---|---|
| 008 | 210210b1929 xxu||||| |||| 00| 0 eng d | ||
| 082 | _a666.1 HODT | ||
| 100 | _aHODKIN (F W) and COUSEN (A). | ||
| 245 | _aTextbook of glass technology. | ||
| 260 |
_aLondon. _bConstable & Co Ltd. _c1929 |
||
| 300 | _axxiii,551 | ||
| 650 | _aGlass Technology | ||
| 690 | _aIndustrial Technology | ||
| 906 | _a039000 | ||
| 999 |
_c88999 _d88999 |
||